This Will Destroy You Discography - Statistics

General Stats
  • This quiz has been taken 2 times
  • The average score is 4 of 7
Answer Stats
Type Year Name % Correct
Album 2008 This Will Destroy You
100%
Album 2011 Tunnel Blanket
100%
EP 2006 Young Mountain
100%
Album 2014 Another Language
50%
Live Album 2013 Live in Reykjavik, Iceland
50%
Split EP 2009 Field Studies
0%
EP 2010 Moving on the Edges of Things
0%
No matching quizzes found
Score Distribution
Percent of People with Each Score
Percentile by Number Answered
Your Score History
You have not taken this quiz